Incorporating databases into the web -- the STOW system /
Saved in:
| 主要作者: | |
|---|---|
| 格式: | Thesis 图书 |
| 语言: | English |
| 出版: |
1997.
|
| 主题: | |
| 标签: |
添加标签
没有标签, 成为第一个标记此记录!
|
| LEADER | 00765cam a2200241 a 4500 | ||
|---|---|---|---|
| 001 | u413442 | ||
| 003 | SIRSI | ||
| 008 | 970714s1996 si v 00 1 eng | ||
| 035 | |a ACD-4877 | ||
| 040 | |a UMM | ||
| 090 | |a TK5105.888 |b Gan | ||
| 100 | 1 | 0 | |a Gang, Liu. |
| 245 | 1 | 0 | |a Incorporating databases into the web -- the STOW system / |c by Gang Liu. |
| 260 | |c 1997. | ||
| 300 | |a vii, 137 p. : |b ill. ; |c 30 cm. | ||
| 502 | |a Dissertation (M.Sc.) -- National University of Singapore, 1996. | ||
| 504 | |a Includes bibliographical references. | ||
| 650 | 0 | |a World Wide Web. | |
| 650 | 0 | |a Internet. | |
| 650 | 0 | |a Database design. | |
| 948 | |a 14/07/1997 |b 24/06/2002 | ||
| 596 | |a 1 | ||
| 999 | |a TK5105.888 GAN |w LC |c 1 |i A506946569 |d 25/2/2002 |l STACKS |m P01UTAMA |n 10 |r Y |s Y |t TESIS |u 19/8/1997 | ||
